000 00673nam a22002051a 4500
005 20110718133134.0
008 091005s 001 0 eng d
020 _a9966409513 :
_c0.00
040 _aNEGST Library - Kenya
050 4 _aBS 325.J83 1996
082 0 _aBS 325.J83 1996
100 1 _aAlliance Biblique du Burkina Faso.
245 1 0 _aLayidukura.
260 _aOuagadougou :
_bAlliance Biblique du Bur
300 _aiv, 101 p. : ill.
500 _a"Le Nouveau Testament en jula, Burkina Faso." - T.p. verso. [Africana]
600 1 0 _aBible. N.T. Jula. 1996.
600 1 0 _aJula language - Texts.
852 _94.00
999 _c39988
_d39988